00906nam a2200193 a 450000500170000000800410001702000180005804000480007604100080012424501320013226001150026430000180037950400410039765000490043865000320048765100600051971000340057971000990061320210504102331.0120830s2004 ag |||gr|||| 00| 0 spa d a9789509445024 aCO-BoUCMbspacDeissy GarciadDeissy Garcia0 aspa00aManual de participación e incidenciabpara organizaciones de la sociedad civil cAsociación Jaime de Nevares ...[y otros 7] a[Buenos Aires]bPrograma de Fortalecimiento de las O.S.C., Foro del Sector SocialbTemas Grupo Editorialc2004 a313 páginas aIncluye referencias bibliográficas 7aParticipación social vManualeszArgentina 7aGrupos sociales zArgentina aArgentinaxPolítica socialxParticipación ciudadana1 aAsociación Jaime de Nevares1 aForo del Sector SocialbPrograma de Fortalecimiento de las Organizaciones de la Sociedad Civil